| 000 | 00570cam a2200193 4500500 | ||
|---|---|---|---|
| 005 | 20260329003946.0 | ||
| 041 | _afre | ||
| 042 | _adc | ||
| 100 | 1 | 0 |
_ade Saint Maurice, Thibaut _eauthor |
| 245 | 0 | 0 | _aHomo informatix |
| 260 | _c2017. | ||
| 500 | _a44 | ||
| 690 | _aBissection | ||
| 690 | _aInformatique | ||
| 690 | _aLogique | ||
| 690 | _aLuc de Brabandere | ||
| 786 | 0 | _nPhilosophie magazine | 113 | 10 | 2017-10-01 | p. 60-60 | 1951-1787 | |
| 856 | 4 | 1 | _uhttps://shs.cairn.info/magazine-philosophie-magazine-2017-10-page-60?lang=fr&redirect-ssocas=7080 |
| 999 |
_c1829298 _d1829298 |
||